[Event "Heraklion Gazi op 10th"]
[Site "Heraklion"]
[Date "2014.07.31"]
[Round "3"]
[White "Serpetsidakis, Nikolaos"]
[Black "Zhukavina, Elena"]
[Result "1-0"]
[WhiteElo "1714"]
[BlackElo "1350"]
[PlyCount "53"]
[EventDate "2014.07.30"]
[EventType "swiss"]
[EventRounds "9"]
[EventCountry "GRE"]
[SourceTitle "EXT 2016"]
[Source "ChessBase"]
[SourceDate "2015.10.08"]
[SourceVersion "1"]
[SourceVersionDate "2015.10.08"]
[SourceQuality "1"]

1. d4 e6 2. c4 Bb4+ 3. Nc3 Nf6 4. e3 0-0 5. Bd3 Bxc3+ 6. bxc3 d5 7. Nf3 dxc4 8. Bxc4 Ne4 9. Qc2 Nd6 10. Bd3 h6 11. e4 b6 12. e5 Nf5 13. Be4 c6 14. h4 f6 15. g4 Ne7 16. exf6 Rxf6 17. g5 hxg5 18. hxg5 Rf7 19. Ne5 Nf5 20. Ng6 Rf8 21. Rh8+ Kf7 22. Rxf8+ Qxf8 23. Nxf8 Kxf8 24. Bxf5 exf5 25. Ba3+ Ke8 26. Qe2+ Kf7 27. Qe7+ 1-0